000 00725nam a2200229 a 4500
999 _c2940
_d2940
001 2940
003 BD-JhCC
005 20171119092807.0
008 171108s1970 bg |||| ||a| 000 0 ben d
035 _a(BD-JhCC)2940
040 _aBD-JhCC
_dBD-JhCC
041 _aben
082 _a891.443
_bHEN 1970
100 _aহেণ্ডারসন, ডিয়ন
245 _aজান্তব /
_cডিয়ন হেণ্ডারসন; সিদ্দিকুর রহমান (অনু.)
260 _aঢাকা :
_bবুক ভিলা,
_c1970.
300 _a131 p. :
_c22 cm.
650 _aBengali Novel
700 _aরহমান, সিদ্দিকুর
942 _2ddc
_cBK